🎶 Paroles "Le jour n'est pas la vérité" Gilles Servat - Statistiques

Statistiques générales
  • Ce quiz a été pris 3 fois
  • Le résultat moyen est 178 sur 322
Statistiques - réponses
Mots % Correct
à
100%
Aldébaran
100%
Altaïr
100%
Arcturus
100%
au
100%
autres
100%
belles.
100%
Bételgeuse.
100%
brillante
100%
C'
100%
ce
100%
ciel
100%
d'
100%
D'
100%
dans
100%
de
100%
Deneb,
100%
des
100%
Du
100%
du
100%
elle.
100%
Elme
100%
en
100%
est
100%
et
100%
Et
100%
étoile
100%
étoiles.
100%
Grand
100%
Hyades.
100%
jour
100%
l'
100%
L'
100%
la
100%
La
100%
Le
100%
le
100%
les
100%
Les
100%
lui
100%
mars
100%
Mars
100%
Mira
100%
n'
100%
nuit
100%
nuits,
100%
on
100%
ou
100%
par
100%
Par
100%
Par-
100%
pas
100%
Pléiades.
100%
plus
100%
Polaris
100%
pour
100%
quand
100%
Quand
100%
qui
100%
Qui
100%
Rigel
100%
s'
100%
Saint-
100%
se
100%
ses
100%
Sirius
100%
soleil
100%
son
100%
sous
100%
Toute
100%
un
100%
Véga
100%
vérité.
100%
année
50%
chante
50%
cieux,
50%
cou
50%
déjà,
50%
dessus
50%
lumière
50%
nord
50%
Passés
50%
pied,
50%
puis
50%
seule
50%
soit
50%
sont
50%
accroché,
0%
achève.
0%
Aigle
0%
ailes.
0%
Amandes
0%
arrêtée,
0%
aubades.
0%
autour
0%
axe
0%
azur
0%
bœufs,
0%
branche
0%
brève.
0%
briller
0%
Cachant
0%
Cassiopée
0%
champ
0%
chantantes
0%
Chaque
0%
chasse
0%
Chien
0%
conduit
0%
constelle
0%
constelle.
0%
course
0%
cueillies
0%
Cygne
0%
déploie
0%
Disparu
0%
draps
0%
éclatée
0%
enfuient
0%
enfuient,
0%
épaule
0%
épée,
0%
épinière
0%
Eridan
0%
Espace
0%
été
0%
étincelles.
0%
feu
0%
feuilles
0%
février
0%
fidèles.
0%
frileux,
0%
géante
0%
Gémeaux,
0%
gire
0%
guidant
0%
hirondelles.
0%
horizon
0%
immortelles.
0%
Inversement,
0%
lactée,
0%
Lame
0%
lève.
0%
long
0%
lumineux
0%
meurt
0%
millepertuis,
0%
mis
0%
moelle.
0%
montante
0%
mourant,
0%
mouron,
0%
mûrissant
0%
Myosotis,
0%
nageuse.
0%
naissance
0%
nébuleuse.
0%
neige
0%
niveleuse.
0%
noir
0%
noirs
0%
œil
0%
orgeat,
0%
Orion
0%
Ourse
0%
paraissent
0%
parfums
0%
parmi
0%
pays
0%
plongée
0%
Racine
0%
radieux,
0%
rameaux,
0%
règne,
0%
règne
0%
Rubis
0%
saison
0%
saphir
0%
scintille
0%
seigle
0%
sérénades.
0%
seringas,
0%
sève.
0%
statices
0%
Stellaires,
0%
suit,
0%
sureaux,
0%
Taureau,
0%
Tombées
0%
tournent
0%
trempé
0%
trois
0%
Voici
0%
voie
0%
voile,
0%
voiles.
0%
Voyez
0%
Aucun quiz correspondant
Distribution des résultats
% des personnes avec chaque résultat
Percentile par nombre de réponses
Votre historique - résultats
Vous n’avez pas pris ce quiz